000
00335nam a22001457a 4500
008
230221b ||||| |||| 00| 0 eng d
020
_a
0935989722
041
_a
eng
080
_a
610.73
082
_a
610.73BET
100
_a
4
101
_a
INF
245
_a
THE RIGHT STUFF FOR CHLIDREN BIRTH TO 8
_c
BRONSON.B.M
942
_2
udc
_c
BK
999
_c
59356
_d
59356